000 00841nam a2200241 a 4500
001 1540
005 20140414131905.0
008 010319s19uu xx 00 eng d
020 _a971-08-5241-8
050 _aFIC
_bSch8 1991
100 _aSchultz, Irene
245 _aThe woodland gang and the dinosaur bones /
_cby Irene Schultz.
260 _aKalookan City :
_bAddison-Wesley,
_c1991.
300 _a127 p. ; cm.
440 _aWoodland Gang Series book 12
520 _aA gang of orphans and their housekeeper help Dr. Justin search an Arizona canyon for fossilized dinosaur remains, despite sabotage and theft caused by greedy miners.
650 _aOrphans - Fiction.
650 _aDinosaurs - Fiction.
650 _aPaleontology - Fiction.
650 _aMystery and detective stories.
999 _c110875
_d110875